00389nam a22001337a 450000500170000000800410001704100230005808200120008110000230009324500380011626000470015430000290020165000250023020240802123623.0240802b |||||||| |||| 00| 0 eng d aEnglish/Afrikaans  a349 SOU lEnglish/Afrikaans  aSouth African Law Reports: Natal  aJohannesburg: bDigma Publications, c1910 blix, 466 pages; c25 cm. aLegal practice bLaw